Le top 5 de la Bundesliga par saison - Statistiques

Statistiques générales
  • Ce quiz a été pris 456 fois
  • Le résultat moyen est 13 sur 20
Statistiques - réponses
Saison 1ER % Correct
2023-2024 Bayern Munich
100%
2018-2019 Borussia Dortmund
100%
2022-2023 Bayer Leverkusen
97%
2020-2021 RB Leipzig
90%
2021-2022 VfB Stuttgart
84%
2015-2016 Eintracht Francfort
78%
2016-2017 VfL Wolfsbourg
78%
2013-2014 FC Schalke 04
73%
2007-2008 SV Werder Breme
73%
2019-2020 1. FC Union Berlin
71%
2005-2006 Hambourg SV
68%
2014-2015 Borussia Mönchengladbach
64%
2011-2012 1. FC Cologne
58%
2009-2010 1. FSV Mayence 05
57%
2017-2018 SC Fribourg
57%
2012-2013 TSG Hoffenheim
53%
2006-2007 Hertha Berlin
41%
2010-2011 FC Augsbourg
40%
2008-2009 Hanovre 96
34%
2004-2005 VfL Bochum
24%
Aucun quiz correspondant
Distribution des résultats
% des personnes avec chaque résultat
Percentile par nombre de réponses
Votre historique - résultats
Vous n’avez pas pris ce quiz